00309nam a2200109Ia 4500008004100000050001500041100002000056245004900076260003800125300002300163650001300186150202s9999 xx 000 0 und d aFIC bFIC  aDeyneka, Anita. aTanya and the border guard /cAnita Deyneka. aUSA :bDavid C. Cook Pub.,c1973. a94 pages :c18 cm. aFiction.